00874nam a2200229 a 450000100100000000500170001000800410002702000150006804000250008308200200010810000230012824500370015124600170018826000360020559000750024159000260031665000270034265000310036991000370040095201900043799900170062700003219620240530073920.0110713s2003 dr r 000 f spa d a0974045810 aDO-SdBNPbspacBNPHU aRD863.44bM534s1 aMena, Marta95827410aSe llamaba Arturo /cMarta Mena.04bnovela corta aSanto Domingo :b[s.n.],c2003. aPerteneció a la biblioteca personal de Juan Isidro Jimenes Grullón aInventariado, 2020/BT 0aNovela dominicana9223 0aLiteratura dominicana.967 aValidado. Control de calidad MFF 0010718PDaPDbPDcHDd2011-07-13iLF1l0oRD863.44 M534sp32196-10r2020-06-25w2020-06-25yLFPDzPerteneció a la biblioteca personal de Juan Isidro Jimenes-GrullónZNo se presta c31687d31687